| 000 | 00476nam a22001217a 4500 | ||
|---|---|---|---|
| 999 |
_c23654 _d23654 |
||
| 003 | NUST | ||
| 005 | 20170605133144.0 | ||
| 008 | 131223b xxu||||| |||| 00| 0 eng d | ||
| 020 |
_a047126122X _cavailable |
||
| 040 |
_aDLC _bDLC _cRCMS |
||
| 050 |
_a532.051 PAN _b000632 |
||
| 082 |
_2Third Ed _a532.051 PAN |
||
| 245 |
_aIncompressible Flow _cPanton Ronald L |
||
| 260 |
_aNew Jersey _bJohn Wiley & Sons _c2005 |
||
| 538 | _iShelf # 10, Row # 1, Mechanical & Aerospace. | ||
| 942 |
_2ddc _cBK _h532.051 PAN |
||